Dostup do osvity jak faktor jakosti žyttia: realizacia v Ukrajeni cilej staloho rozvytku

Na minha lista:
Detalhes bibliográficos
Autor principal: Nestorenko, Tetjana
Outros Autores: Makarenko, P.Tamara, Zubro, Tetyana, 1975-
Formato: Capítulo de Livro
Idioma:ucraniano
Assuntos:
Tags: Adicionar Tag
Sem tags, seja o primeiro a adicionar uma tag!

MARC

LEADER 00000nla a2200000 4500
001 0240070
005 20240502083643.9
041 0 |a ukr 
044 |a PL 
245 1 0 |a Dostup do osvity jak faktor jakosti žyttia: realizacia v Ukrajeni cilej staloho rozvytku  |c Tetjana Nestorenko, P.Tamara Makarenko, Tetyana Zubro 
610 2 0 |a Organizácia spojených národov 
610 2 0 |a školstvo 
610 2 0 |a vzdelávanie 
610 2 0 |a kvalita života 
610 2 0 |a rozvoj trvalo udržateľný 
610 2 0 |a Ukrajina 
100 1 |a Nestorenko, Tetjana 
700 1 |a Makarenko, P.Tamara 
700 1 |a Zubro, Tetyana, 1975-